| 000 | 00714cam a22002291 4500 | ||
|---|---|---|---|
| 001 | 9831187 | ||
| 003 | ARRUPE | ||
| 005 | 20170208155647.0 | ||
| 008 | 721026s1960 xx 000 0 eng | ||
| 010 | _a 60015283 | ||
| 035 | _a(OCoLC)477771 | ||
| 040 |
_aDLC _cOAU _dDLC |
||
| 050 | 0 | 0 | _aHV640.B76 |
| 100 | 1 |
_aBrynner, Yul. _928697 |
|
| 245 | 1 | 0 |
_aBring forth the children; _ba journey to the forgotten people of Europe and the Middle East. _cby Inge Morath and Yul Brynner. |
| 250 | _a[1st ed.] | ||
| 260 |
_aNew York, _bMcGraw-Hill _c1960 |
||
| 300 |
_a152 p.; _billus. _c26 cm. |
||
| 650 | 0 |
_aPolitical refugees. _928698 |
|
| 906 |
_a7 _bcbc _coclcrpl _du _encip _f19 _gy-gencatlg |
||
| 942 |
_2lcc _cMONOGRAPH |
||
| 999 |
_c126076 _d126076 |
||